00617cam a22001572 4500001001100000005001700011008004100028040001500069100003800084245016500122250001300287260004100300300003200341502004500373650004100418000002498020151021153303.0140410s xx 000 0 eng d aKABUcKABU1 aOsebe Rawlings Peter.@000018534113aAn Analysis of factors affecting tax compliance in the real estate sector in Kenya :ba case study of real estate owners in Nakuru Town /cOsebe Rawlings Peter. a1st ed. aNakuru :bKabarak University,c2013. aix, 66 leaves. +e1 CD-ROM. aThesis (MBA) - Kabarak University, 2013. 0aReal propert taxzKenya.@0000185342